Datum a čas kvízu
41
Celkem bodů
Celkový počet nahraných bodů na tomto kvízu bez doplňovacích otázek.
2.
Pořadí na kvízu
Konečné umístění týmu na tomto kvízu.
Zaznamenané odpovědi
| # | Otázka | Odpověď | Body | Výsledky |
|---|---|---|---|---|
| 1. | Kvůli volně pohybujícímu se di... | los | 1 | |
| 2. | Premiér jednoho evropského stá... | Nizozemsko | 1 | |
| 3. | V pondělí byla slavnostně zahá... | Jakub Prachař | 1 | |
| 4. | V návaznosti na jistou událost... | o Teslu | 1 | |
| 5. | Jak se jmenují vítězové mužské... | Carlos Alcaraz; Coco Gauff | 1 | |
| 6. | Který slavný muž sepsal na kon... | Eukleidés | 0 | |
| 7. | Nyní uvidíte krátký úryvek z p... | Bible | 1 | |
| 8. | Charles Darwin strávil v roce... | Galapágy; pěnkavy | 0.5 | |
| 9. | Za půl bodu uveďte, ze kterého... | Komunistický manifest (Manifest Komunistické strany); Marx a Engels | 0.5 | |
| 10. | Ať už jste či nejste fanoušky... | Medek, Pavel a Vladimír | 0.5 |